| 000 | 00530nam a2200169 4500 | ||
|---|---|---|---|
| 001 | 110228 | ||
| 003 | ES-MaACL | ||
| 005 | 20230906185015.0 | ||
| 007 | t| | ||
| 008 | 061121s1946 sp r ||||1| spa d | ||
| 245 | 0 | 0 |
_aOrdenación jurÃdica de la propiedad inmueble / _cpor Evelio Calatayud y Sanjuan , y Jaime Porcar Fiter. |
| 260 |
_aMadrid : _bReus, _c1946. |
||
| 300 |
_a475 p. ; _c16 cm. |
||
| 700 | 1 |
_aCalatayud y Sanjuan, Evelio. _933544 |
|
| 700 | 1 |
_aPorcar Fiter, Jaime. _993112 |
|
| 852 |
_aES-MaACL _jE-1229 _bR.22641 |
||
| 999 |
_c110228 _d110228 |
||